1060 1278 1181 1856 1348 1251 1706 1595 1324 1531 1475 1940 1179 1398 1520 1049 1972 1591 1734 1738 1832 1565 1119 1736 1788 1670 1028 1798 1437 1153 1724 1538 1530 1847 1576 1345 1574 1946 1069 1136 1949 1119 1415 1185 1112 1810 1540 1531 1477 1333 1963 1461 1589 1229 1088 1514 1172 1013 1550 1441 1537 1499 1598 1147 1407 1128 1159 1906 1997 1406 1502 1121 1554 1263 1333 1767 1954 1949 1295 1627 1577 1071 1345 1484 1113 1426 1811 1290 1682 1468 1256 1887 1501 1762 1931 1499 1144 1243 1549 BCNSPRNW ULIB Ver.6.0+V

เปลี่ยนเป็นภาษาไทย

Change to English
 แสดงรายละเอียดบรรณานุกรม
  กลับหน้าหลัก

Brief Record : Get Marc (ISO 2709) : E-mail record : QR code < ปิดหน้าต่าง
LEADER : 00000nam 2200000uu 4500
001    13399123364
003     ULIB
008    140827s2548||||th 000 0 tha d
099    วจ WY18.8^bพ188ผ
100 0  พนมพร ยงทองมุก
245 00 ผลการใช้ระบบพยาบาลพี่เลี้ยงต่อความสุขและผลสัมฤทธิ์ทางการเรียนในหารฝึกปฏิบัติงานวิชา บริหารการพยาบาลของนักศึกษาพยาบาลชั้นปีที่ 4 วิทยาลัยพยาบาลบรมราชชนนี สระบุรี/^cพนมพร ยงทองมุก
260    วิทยาลัยพยาบาลบรมราชชนนี สระบุรี,^c2548
945    ^p0^l0^i020410
999    ^aเกษร โพธิ์สุวรรณ
รายการนี้ยังไม่มีแท็ก
คุณยังไม่ได้ล็อกอิน คุณสามารถมีกิจกรรมร่วมกับเว็บไซต์ได้ แต่ต้องล็อกอินก่อน ::
  ล็อกอิน

รายการสื่อสารสนเทศ

ลำดับที่ ประเภท เลขเรียก/บาร์โค้ด สถานที่ สถานะ
1. งานวิจัย
งานวิจัย
วจ WY18.8 พ188ผ ฉ.1 
  Barcode: 020410
ห้องสมุดวิทยาเขตสวรรค์ประชารักษ์
►วิจัย
บนชั้น

BibComment


ยังไม่เคยถูกคอมเมนท์

คอมเมนท์ทรัพยากรรายการนี้
  คอมเมนท์: ผลการใช้ระบบพยาบา..


 Copyright 2026. Bcnsprnw @Library